| 000 | 00707nam a22001817a 4500 | ||
|---|---|---|---|
| 005 | 20240627114724.0 | ||
| 010 | _aB-759978 | ||
| 020 |
_a9789389552690 _c230.00 |
||
| 035 | _aB-759978 | ||
| 037 | _bGift | ||
| 082 | _a425 | ||
| 245 |
_aMy new canvas: _bEnglish at your fingertips/ _cPearson |
||
| 260 |
_aUttar Pradesh _bPearson India Education Services Pvt. Ltd. _c2020 |
||
| 270 |
_bUttar Pradesh _e201301 _a15th Floor, Tower-B, World Trade Tower, Plot No.- 1, Block-C, Sector-16, Noida _mcompanysecretary.india@pearson.com _k044-66540100 |
||
| 300 |
_avarious pages. _c25cm(pbk) |
||
| 942 |
_2ddc _cCH _h425 _mPEA |
||
| 999 |
_c203771 _d203771 |
||